000 00613nam a2200205Ia 4500
005 20250508161954.0
008 008 250505s9999 xx 000 0 eng d
020 _a0-13-464545
037 _aTextual
040 _aFEDL
_beng
_cFEDL
041 _aeng
_2eng
084 _a371.102, WEI
_qFEDL
100 _aWeil Marsha
245 0 _aInformation processing models of teaching : Expanding your teaching repertoire
260 _aEnglewood Cliffs
_b Prentice-Hall
_c1978
300 _aviii,278p.
700 _a Joyce Bruce
_9771912
942 _cTEXL
_h371.102, WEI
999 _c1373590
_d1373590